| 000 | 01079cab a2200205 4500 | ||
|---|---|---|---|
| 001 | ABS41047 | ||
| 008 | 090401t1989 xxu||||| |||| 00| 0 eng d | ||
| 035 | _a(Sirsi) u27829 | ||
| 041 | _aeng | ||
| 100 | _aLocke, S.M. | ||
| 245 | _aImplications for investors, managers, auditors, valuers and regulators of discrepancies in commercial valuations | ||
| 260 | _c1989 | ||
| 350 | _a0 | ||
| 490 |
_aLand Development Studies _v6(1) 1989, 29-39(11) |
||
| 520 | _aThe discrepancy between appraised commercial valuation s and market prices is a cause for concern to valuers, investors and others. There is a need to clarify how the potential costs of discrepancy will effect each group. Error metrics relevant to the risk profile of interested parties, are illustrated as a means of quantifying the exposure to which each is subjected. Dialogue and discussion between interested groups is thought to be the best way of overcoming the apparent anomaly. (Journal Abstract) | ||
| 690 | _aRATING AND VALUATION | ||
| 700 | _aLandfield-Smith, K. | ||
| 942 | _n0 | ||
| 948 | _c04/03/1997 | ||
| 999 |
_c18755 _d18755 |
||